Situación coyuntural del sector agropecuario (Registro nro. 8867)

Detalles MARC
000 -LEADER
fixed length control field 01101nas a2200277 454500
001 - CONTROL NUMBER
control field 40308
005 - DATE AND TIME OF LATEST TRANSACTION
control field 20260407193510.0
008 - FIXED-LENGTH DATA ELEMENTS--GENERAL INFORMATION
fixed length control field 260407s1983####ag###########|||spa#d
003 - CONTROL NUMBER IDENTIFIER
control field AR-UNSa-BCEJYS
040 ## - CATALOGING SOURCE
Original cataloging agency AR-UNSa-BCEJYS
Language of cataloging spa
Transcribing agency AR-UNSa-BCEJYS
080 ## - UNIVERSAL DECIMAL CLASSIFICATION NUMBER
Universal Decimal Classification number 338.43
Common auxiliary subdivision Agricultura como una rama de la economía. Economía de los productos alimenticios
022 ## - INTERNATIONAL STANDARD SERIAL NUMBER
International Standard Serial Number 0325-9161
041 ## - LANGUAGE CODE
Language code of text/sound track or separate title spa
100 1# - MAIN ENTRY--PERSONAL NAME
Personal name Banco Ganadero Argentino. Servicio de Investigaciones Económicas
245 10 - TITLE STATEMENT
Title Situación coyuntural del sector agropecuario
264 #1 - PRODUCTION, PUBLICATION, DISTRIBUTION, MANUFACTURE, AND COPYRIGHT NOTICE
Place of production, publication, distribution, manufacture Buenos Aires :
Name of producer, publisher, distributor, manufacturer Banco Ganadero Argentino
Date of production, publication, distribution, manufacture, or copyright notice 1983
310 ## - CURRENT PUBLICATION FREQUENCY
Current publication frequency Frecuencia: Bimestral<br/>Cambia la frecuencia a partir del Año 10, Nº 50 a Trimestral<br/>Cambia de Editor a partir del Año 1, Nº 2 a Banco Río, abril/julio de 1987<br/>
505 ## - FORMATTED CONTENTS NOTE
Formatted contents note <br/><br/><br/>
590 ## - LOCAL NOTE (RLIN)
Local note niveau_biblio:s niveau_hierar:1
650 ## - SUBJECT ADDED ENTRY--TOPICAL TERM
Topical term or geographic name entry element Agricultura
650 ## - SUBJECT ADDED ENTRY--TOPICAL TERM
Topical term or geographic name entry element ESTADISTICA
650 ## - SUBJECT ADDED ENTRY--TOPICAL TERM
Topical term or geographic name entry element ACTIVIDAD AGROPECUARIA
650 ## - SUBJECT ADDED ENTRY--TOPICAL TERM
Topical term or geographic name entry element GANADERIA
856 41 - ELECTRONIC LOCATION AND ACCESS
Uniform Resource Identifier <a href="https://biblioeco.unsa.edu.ar/pmb/images/revistas/bancoGanaderoArg.jpg">https://biblioeco.unsa.edu.ar/pmb/images/revistas/bancoGanaderoArg.jpg</a>
Link text Imagen de portada
Electronic format type image/jpeg
942 ## - ADDED ENTRY ELEMENTS (KOHA)
Koha item type
Existencias
Withdrawn status Lost status Damaged status Not for loan Home library Current library Shelving location Date acquired Serial enumeration / chronology Total checkouts Full call number Barcode Date last seen Price effective from Koha item type
        Biblioteca Prof. Eusebio Cleto del Rey Biblioteca Prof. Eusebio Cleto del Rey   01/04/1987 Año 1, Nº 2 - abr./jun. 1987   H338.43 COY 2 R20526 10/04/2026 10/04/2026 Numero
        Biblioteca Prof. Eusebio Cleto del Rey Biblioteca Prof. Eusebio Cleto del Rey   01/10/1986 Año 10, Nº 53 - oct./dic. 1986   H338.43 COY 53 R20525 10/04/2026 10/04/2026 Numero
        Biblioteca Prof. Eusebio Cleto del Rey Biblioteca Prof. Eusebio Cleto del Rey   01/07/1986 Año 10, Nº 52 - jul./sep. 1986   H338.43 COY 52 R20524 10/04/2026 10/04/2026 Numero
        Biblioteca Prof. Eusebio Cleto del Rey Biblioteca Prof. Eusebio Cleto del Rey   01/04/1986 Año 10, Nº 51 - abr./jun. 1986   H338.43 COY 51 R20523 10/04/2026 10/04/2026 Numero
        Biblioteca Prof. Eusebio Cleto del Rey Biblioteca Prof. Eusebio Cleto del Rey   01/01/1986 Año 10, Nº 50 - ene./mar. 1986   H338.43 COY 50 R20522 10/04/2026 10/04/2026 Numero
        Biblioteca Prof. Eusebio Cleto del Rey Biblioteca Prof. Eusebio Cleto del Rey   01/09/1983 Año 7, Nº 39 - sep./oct. 1983   H338.43 COY 39 R20521 10/04/2026 10/04/2026 Numero
        Biblioteca Prof. Eusebio Cleto del Rey Biblioteca Prof. Eusebio Cleto del Rey   01/07/1983 Año 7, Nº 38 - jul./ago. 1983   H338.43 COY 38 R20518 10/04/2026 10/04/2026 Numero